MARC

Tag First Indicator Second Indicator Subfields
LEADER 00000cam a2200000 a 4500
001 in00004508607
005 20191204153247.0
008 060502s2006 dcua b 000 0 eng
010 |a  2006923463 
016 7 |a 101282275  |2 DNLM 
020 |a 0309100992 
020 |a 9780309100991 
020 |a 0309656850 (PDF) 
020 |a 9780309656856 (PDF) 
029 0 |a NLM  |b 101282275 
029 1 |a YDXCP  |b 2402191 
029 1 |a AU@  |b 000040649013 
035 |a (OCoLC)ocm68044320 
035 |a (OCoLC)68044320 
035 |z (UtOrBLW)46489 
035 |a 66712 
040 |a NLM  |c NLM  |d VET  |d BAKER  |d AZS  |d IXA  |d YDXCP  |d COH  |d CGC  |d NATAP  |d BTCTA  |d TMV  |d UtOrBLW 
042 |a nlmcopyc 
043 |a n-us--- 
049 |a TMVM  |c 1 
050 4 |a RA408.V48  |b I57 2006 
060 0 0 |a 2006 I-256 
060 1 0 |a W 20.5  |b I5133d 2006 
110 2 |a Institute of Medicine (U.S.).  |b Committee on the Disposition of the Air Force Health Study. 
245 1 0 |a Disposition of the Air Force Health Study /  |c Committee on the Disposition of the Air Force Health Study, Board on Population Health and Public Health Practice, Institute of Medicine of the National Academies. 
264 1 |a Washington, D.C. :  |b National Academies Press,  |c [2006] 
264 4 |c ©2006 
300 |a x, 264 pages :  |b illustrations ;  |c 23 cm. 
336 |a text  |2 rdacontent  |b txt 
337 |a unmediated  |2 rdamedia 
338 |a volume  |2 rdacarrier  |b nc 
504 |a Includes bibliographical references. 
530 |a Also issued online. 
610 2 0 |a Air Force Health Study (U.S.) 
650 0 |a Agent Orange  |x Health aspects  |x Research  |z United States. 
650 0 |a Veterans  |x Diseases  |x Research  |z United States. 
650 0 |a Vietnam War, 1961-1975  |x Veterans  |x Research  |z United States. 
650 0 |a Operation Ranch Hand, 1962-1971. 
650 0 |a Herbicides  |x War use  |z Vietnam. 
650 2 |a Information Management. 
650 2 |a Research  |x organization & administration. 
650 2 |a Epidemiologic Studies. 
650 2 |a Medical Records. 
650 2 |a Veterans. 
651 2 |a United States. 
999 |a MARS 
999 f f |s 01931a40-47cc-3254-97b0-3da08dc5a3ef  |i ee3b5ea0-c604-31a6-aa0a-4dc1d1122747  |t 0 
952 f f |p ric  |a Texas A&M University  |b Rellis Campus  |c Joint Library Facility  |d Remote Storage  |t 0  |e W 20.5 I5133d 2006  |h National Library of Medicine classification  |i unmediated -- volume  |m 3238902048422 
998 f f |a W 20.5 I5133d 2006  |t 0  |l Remote Storage